00259nam a2200097Ia 4500008004100000100001400041245006000055260002200115942000700137999001700144190216s9999||||xx |||||||||||||| ||und|| aVeliyanad 0aVishishta Apekshikatha Siddanthathin Oru Amooka Padanam bKerala Basha Inst cBK c38835d38835